| 000 | 00539nam a2200181 4500 | ||
|---|---|---|---|
| 005 | 20260505172520.0 | ||
| 008 | 260505b |||||||| |||| 00| 0 eng d | ||
| 020 |
_a9783631395424 _qpbk |
||
| 041 | _aeng | ||
| 082 | _a410 RAP | ||
| 100 | _aRapp,Reinhard | ||
| 245 |
_aSprachwissenschaft auf dem Weg in das dritte Jahrtausend: _b Linguistics on the Way into the Third Millennium, _c,Reinhard Rapp. |
||
| 260 |
_aNew York _bPeter lang _c2002 |
||
| 300 |
_a853p. : _c20cm. |
||
| 504 | _aindex | ||
| 650 | _aLinguistics | ||
| 942 | _cENGLISH | ||
| 999 |
_c622599 _d622599 |
||